Регионална библиотека "Любен Каравелов" - Русе

Трябва много да внимаваш! (Запис номер 78925)

MARC детайли
000 -Лидер
Контролно поле с фиксирана дължина 01395nam a2200325 c 4500
003 - Код на организацията, давaща контролен номер
Контролно поле BLK
005 - Дата и час на последна редакция
Контролно поле 20250422112635.0
008 - Елементи от данни с фиксирана дължина
fixed length control field 180408b bul|||||r ||||||| ||bul||
010 ## - Наследен системен номер
LC control number KNG00083393000
020 ## - Международен стандартен номер на книга ISBN
Международен стандартен номер на книга ISBN 978-954-431-344-9
-- издат.: Златното пате
040 ## - Източник на каталожния запис
Идентификатор на билиотеката - собственик на записа BLK
041 ## - Код за език
Код за езика на текст/звукозапис или на отделно заглавие Български
Код за езика КДБФ Български
080 ## - УДК
Текстов определител УДК Руска литература
УДК код - определител по УДК 821.161.1
УДК определител -1
УДК - код + определител 821.161.1-1
080 ## - УДК
Текстов определител УДК Издания за деца и юноши. Книжки-картинки. Читанки. Вж и 372.4
УДК код - определител по УДК 087.5
УДК определител
УДК - код + определител 087.5
100 1# - Редна дума - Автор
Автор Косова, Галина Рудолфовна
Авторска отговорност първи автор
R(LIN) 82757
139 ## - Редно поле
Редна дума Косова, Галина
Авторски знак Кос - К 86
245 10 - Сведения за заглавието
Заглавие Трябва много да внимаваш!
Редно поле (дума) Галина Рудолфовна Косова; прев. на стиховете Дядо Пънч; худож. М. Поркшеева.
257 ## - Страна на издаване
Страна на създаване/издаване Русия
260 ## - Област на издателските данни
-- София
Име на издателя, разпространителя и проч. Златното пате
Година на издаване 2007
300 ## - Физическа характеристика
Страници 10 с.
Илюстрации и др. с цв. ил.
Размери/Мащаб 20 см
380 ## - Жанр
Жанр Детска худож. лит.
700 1# - Други автори (авторска отговорност)
Лично име Дядо Пънч
Автороска отговорност (Описва отношението между автора и произведението) прев. на стиховете
Друга информация Панчев, Панчо Борисов
9 (RLIN) 365182
700 1# - Други автори (авторска отговорност)
Лично име Поркшеева, М.
Автороска отговорност (Описва отношението между автора и произведението) худож.
9 (RLIN) 262275
852 ## - Местоположение
Форматна сигнатура Цб 239775
856 4# - Електронен адрес и достъп
Електронен формат pdf - файл
Път до файла /url/
856 4# - Електронен адрес и достъп
Електронен формат pdf - файл
Път до файла /url/
942 ## - АРТИКУЛИ
Вид на библиотечния материал Книги
Скрит в OPAC Не
Koha issues (borrowed), all copies 9
944 ## - СЪЗДАВАНЕ И РЕДАКЦИЯ на ЗАПИСА
Създаване/Редакция Създаване
Дата на регистрацията/редакция 21.04.2008
Служител, извършил регистрацията/редакцията 30564
Статус, дата на статуса Анна Гръцманова
944 ## - СЪЗДАВАНЕ И РЕДАКЦИЯ на ЗАПИСА
Създаване/Редакция Редакция
Дата на регистрацията/редакция 03.11.2008
Служител, извършил регистрацията/редакцията
999 ## - СИСТЕМНИ КОНТРОЛНИ НОМЕРА
Koha biblionumber 78925
Koha biblioitemnumber 78925
Наличности
Код за отписване Код за изгубен артикул Код за повреда Коз за рестрикции Код за отдаване Артикулен № Име на библиотеката - собственик Име на библиотеката, в която се намира в момента Статус (Текущо местоположение) Дата на вписване в системата Местоположение - отдел Цена в лева Инвентарен номер Систематично азбучна сигнатура Баркод Номер на екземпляра Цена в евро Служебна бележка Служебен тип на артикула Източник на класификационната схема
  Не е изгубен Не е повреден без рестрикции ползва се в читалня 127629 Регионална библиотека "Любен Каравелов" Русе Регионална библиотека "Любен Каравелов" Русе Хранилище 2008-04-21 Хранилище 3.50 120000725779 Цб 239775 120000725779 1 1.79 Дост: Dp Вид: Д N: 12 Дата: 20.02.2008 Книги  
  Не е изгубен Не е повреден без рестрикции заемане за дома 127630 Регионална библиотека "Любен Каравелов" Русе Регионална библиотека "Любен Каравелов" Русе Детски отдел 2008-10-03 Детски отдел 3.50 120000730158 ДХ 820/899/К 86 120000730158 2 1.79 Дост: Pk Вид: Ф N: 8544 Дата: 03.10.2008 Дата инв: 18.08.2015 Бележки инв: Д2015 Книги Universal Decimal Classification
Изтеглен Не е изгубен Не е повреден без рестрикции заемане за дома 127631 Регионална библиотека "Любен Каравелов" Русе Регионална библиотека "Любен Каравелов" Русе Детски отдел 2008-10-03 Детски отдел 3.50 120000730159 ДХ 820/899/К 86 120000730159 3 1.79 Дост: Pk Вид: Ф N: 8544 Дата: 03.10.2008 Дата инв: 18.08.2015 Бележки инв: Д2015 Книги Universal Decimal Classification
Изтеглен Не е изгубен Не е повреден без рестрикции заемане за дома 127632 Регионална библиотека "Любен Каравелов" Русе Регионална библиотека "Любен Каравелов" Русе Детски отдел 2008-10-20 Детски отдел 3.50 120000730713 ДХ 820/899/К 86 120000730713 4 1.79 Дост: Pk Вид: Ф N: 8706 Дата: 14.10.2008 Дата инв: 18.08.2015 Бележки инв: Д2015 Книги Universal Decimal Classification
Vip Innovations Ltd, Rousse, Bulgaria 2025